Detekce informačního potenciálu účetní závěrky neziskových organizací v podmínkách České a Slovenské republiky

Vymedzenie pojmu, typológia a počet neziskových organizácií v Českej a Slovenskej republike. Účtovníctvo a výkazníctvo neziskových organizácií. Legislatíva a vedenie účtovníctva neziskových organizácií.

Gespeichert in:
Bibliographische Detailangaben
1. Verfasser: Šimíková, Iris
Weitere Verfasser: Kordošová, Alena, 1970-
Format: Buchkapitel
Sprache:Tschechisch
Schlagworte:
Tags: Tag hinzufügen
Keine Tags, Fügen Sie das erste Tag hinzu!

MARC

LEADER 00000naa a2200000 4500
001 0194773
005 20240502083452.0
041 0 |a cze 
044 |a CZ 
245 1 0 |a Detekce informačního potenciálu účetní závěrky neziskových organizací v podmínkách České a Slovenské republiky  |c Iris Šimíková, Alena Kordošová 
520 |a Vymedzenie pojmu, typológia a počet neziskových organizácií v Českej a Slovenskej republike. Účtovníctvo a výkazníctvo neziskových organizácií. Legislatíva a vedenie účtovníctva neziskových organizácií. 
610 2 0 |a Česko 
610 2 0 |a Slovensko 
610 2 0 |a organizácie neziskové 
610 2 0 |a legislatíva 
610 2 0 |a výkazy účtovné 
610 2 0 |a závierka účtovná 
100 1 |a Šimíková, Iris 
700 1 |a Kordošová, Alena, 1970-